000 00491nam a2200193Ia 4500
005 20250508153259.0
008 008 250505s9999 xx 000 0 hin d
037 _aTextual
040 _aFEDL
_beng
_cFEDL
041 _ahin
_2eng
084 _aB, CHA
_qFEDL
100 _aChatursen
245 0 _aMeri aatmakahani
260 _aDelhi, India
_bChatursen Sahitya Samiti
_c1963
300 _a615p.
365 _aINR
_b16
942 _cTEXL
_hB, CHA
999 _c1341711
_d1341711